| 000 | 00885nam a2200253 a 4500 | ||
|---|---|---|---|
| 003 | MX-MxUPN | ||
| 005 | 20220617125751.0 | ||
| 008 | 220603s1994 mx a||||r|||| 000 0 spa d | ||
| 020 | _a968436918 | ||
| 040 |
_aMX-MxUPN _bspa _cMX-MxUPN |
||
| 041 | 0 | _aspa | |
| 050 | 1 | 4 |
_aLB1648 M61 _bN34 |
| 100 | 1 |
_aNavarrete Alarcón, Loreto _944686 |
|
| 100 | 1 |
_aRuiz Alegría, Sergio _944695 |
|
| 100 | 1 |
_aValenzuela Navarrete, Gabriela _944688 |
|
| 245 | 1 | 0 |
_aIntroducción a la Física y Química : _bprimer grado de la enseñanza secundaria |
| 250 | _aPrimera edición. | ||
| 260 |
_aMéxico, D.F. .: _bProgreso, _c1994. |
||
| 300 |
_a144 páginas : _bilustraciones. |
||
| 650 | 4 |
_aFísica _xEstudio y enseñanza (Secundaria) _98873 |
|
| 650 | 4 |
_aFísica _vLibros de texto _944449 |
|
| 650 | 4 |
_aQuímica _xEstudio y enseñanza (Secundaria) _97244 |
|
| 650 | 4 |
_aQuímica _vLibros de texto _944690 |
|
| 999 |
_c208525 _d208525 |
||